000
00293nam a22001337a 4500
008
170405b xxu||||| |||| 00| 0 eng d
020
_a
9780130831347
041
_a
eng
080
_2
7TH
_a
574
100
_a
9
101
_a
SHM
245
_a
ENVIRONMENTAL SCIENCE
_c
NEBEL, B.J
942
_2
udc
_c
BK
999
_c
9726
_d
9726